000 00339nam a22001337a 4500
020 _a978-81-7855-445-7
082 _a510
_bJAI/P
100 _aSUNITA JAISINGE
245 _aPRACTICE QUESTIONS IN MATHEMATICS
_bCLASS VIII
260 _aDELHI
_bARYA PUBLICATIONS
_c2009
300 _a102
650 _aMATHS MODEL TEST PAPERS
_zINDIA
942 _cBK
999 _c959
_d959